000 00731nam a22002537a 4500
003 UA-OsUOA
001 59641
007 ta
008 20090406b un ||||| |||| 00| 0 ukr d
100 _aГолицына О.Л.
700 _aМаксимов Н.В.
090 _a004.65
_bГ60
942 _cBK
040 _aUA-OsUOA
_brus
_cUA-OsUOA
_dUA-OsUOA
245 _aБазы данных: Учебное пособие
_bПрофессиональное образование
300 _a352 с.
955 _a2
041 _arus
080 _a004.65
020 _a5-8199-0086-3
260 _aМ.
_bФОРУМ
_c2006
650 7 _a00 Загальні питання науки і культури
_2UDC
999 _c345732
_d345732